Rap Artists Song Collaboration Grid - Statistics

General Stats
  • This quiz has been taken 167 times
    40 since last reset
  • The average score is 18 of 38
Answer Stats
Artist Artist Example Songs % Correct
21 Savage Drake Rich Flex
80%
Drake Kendrick Lamar Poetic Justice
80%
Playboi Carti The Weeknd Timeless
74%
Playboi Carti Travis Scott FE!N
74%
Future Kendrick Lamar Mask Off
71%
A$AP Rocky Kendrick Lamar F**kin' Problems
69%
Drake Future Life Is Good
69%
Drake Travis Scott SICKO MODE
69%
21 Savage Travis Scott Ghostface Killers
63%
Drake J. Cole First Person Shooter
63%
21 Savage J. Cole a lot
60%
A$AP Rocky Drake F**kin' Problems
60%
Future The Weeknd Low Life
57%
Future Travis Scott 3500
57%
Kanye West Kendrick Lamar No More Parties In LA
54%
Kanye West Playboi Carti CARNIVAL
54%
Kendrick Lamar Travis Scott Goosebumps
54%
Kendrick Lamar Playboi Carti BACKD00R
51%
21 Savage The Weeknd Creepin'
49%
Drake Kanye West Forever
49%
Drake Playboi Carti Pain 1993
46%
Kanye West The Weeknd Hurricane
46%
Future Playboi Carti Type Sh*t
43%
A$AP Rocky Kanye West Jukebox Joints
40%
Kanye West Travis Scott Piss On Your Grave
40%
A$AP Rocky Playboi Carti New Choppa
37%
J. Cole Travis Scott The London
34%
The Weeknd Travis Scott Pray 4 Love
34%
21 Savage Future X
31%
A$AP Rocky J. Cole TKO
31%
Future J. Cole Red Leather
31%
J. Cole Kendrick Lamar Forbidden Fruit
29%
A$AP Rocky Future Fine Whine
26%
Drake The Weeknd Crew Love
26%
Kendrick Lamar The Weeknd Pray For Me
26%
Future Kanye West I Won
14%
A$AP Rocky The Weeknd Reminder
11%
21 Savage A$AP Rocky Cocky
6%
No matching quizzes found
Score Distribution
Percent of People with Each Score
Percentile by Number Answered
Your Score History
You have not taken this quiz since the last reset